000 00249nam a2200097Ia 4500
001 1100009
005 20250827003231.0
008 250824s9999 xx 000 0 und d
245 0 _aVAKİTSİZ KAYBEDENLER
_cEDDİ ANTER
260 _bDESTEK YAYINLARI
999 _c1100009
_d1100009